000
00341 a2200169 4500
001
162168
020
_a
040
_c
Magnum
100
_a
Murray, Roseana Kligerman
240
1
0
_a
Retratos
_l
por
245
1
0
_a
Retratos
300
_a
12
362
0
_a
1995
440
1
_a
Miguilim
697
_a
LITERATURA INFANTO-JUVENIL
942
_c
BK
999
_c
162168
_d
162168